[Event "2015 Server Team Ch - Div 2"]
[Site "CCLA"]
[Date "2015.10.30"]
[Round "?"]
[White "Gredescul, Andrea"]
[Black "Crevani, Mirta"]
[Result "0-1"]
[WhiteElo "2070"]
[BlackElo "1929"]
[Board "3"]
[WhiteTeam "Queen & Knights"]
[BlackTeam "SchemingMind C"]

1. e4 e6 2. d4 d5 3. Nc3 Nf6 4. e5 Nfd7 5. f4 c5 6. Nf3 Nc6 7. Be3 a6 8. 
Qd2 b5 9. a3 Qa5 10. Be2 b4 11. Nb1 Be7 12. c3 O-O 13. dxc5 bxc3 14. Qxc3 
Qxc3+ 15. Nxc3 Bxc5 16. O-O Bxe3+ 0-1

[Event "2015  Server Team - Div 3, S53999"]
[Site "CCLA"]
[Date "2015.10.30"]
[Round "?"]
[White "Tymms, J. D. M."]
[Black "Capuzzi, Gabriele"]
[Result "1-0"]
[WhiteElo "1807"]
[BlackElo "1615"]
[Board "2"]
[WhiteTeam "BCCA Bishops"]
[BlackTeam "Knights of the Square Table"]

1. e4 e6 2. d4 d5 3. Nc3 dxe4 4. Nxe4 Nd7 5. Nf3 Ngf6 6. Bg5 Be7 7. Nxf6+ 
Nxf6 8. Bd3 c6 9. O-O O-O 10. c4 b6 11. Qc2 g6 12. Rad1 Bb7 13. Qc3 Nd7 
14. Bh6 Re8 15. Bc2 Bf8 16. Qe3 Qc7 17. Bf4 Qc8 18. Ng5 Nf6 19. Be5 Bg7 
20. Qh3 h6 21. Bxf6 Bxf6 22. Qxh6 Bxg5 23. Qxg5 Qd8 24. Qg4 Kg7 25. Rd3 
Rh8 26. Qg3 Qf6 27. Rfd1 Rab8 28. Rf3 Qe7 29. Bxg6 fxg6 30. Qe5+ 1-0

[Event "2015 NA Class D Ch Finals, S50469"]
[Site "CCLA"]
[Date "2016.02.18"]
[Round "?"]
[White "Stetson, Micah P."]
[Black "Cain, Larry F."]
[Result "1-0"]
[WhiteElo "1474"]
[BlackElo "1321"]

1. d4 Nf6 2. Nc3 d5 3. Bg5 e6 4. e4 dxe4 5. Nxe4 Be7 6. Bxf6 Bxf6 7. Nf3 
Nd7 8. Qd2 Qe7 9. O-O-O b6 10. Bc4 Bb7 11. Rhe1 O-O-O 12. c3 Kb8 13. Qe3 
Rhe8 14. Nxf6 Nxf6 15. Ne5 h6 16. Bb5 Rf8 17. Bc6 Nd5 18. Bxd5 Bxd5 19. f3
Qf6 20. Qe2 Qe7 21. Rd3 Bb7 22. Red1 Qg5+ 23. Kb1 Bd5 24. c4 Bb7 25. d5 
exd5 26. cxd5 Kc8 27. d6 cxd6 28. Rxd6 Qf5+ 29. Ka1 Rxd6 30. Rxd6 Re8 31. 
Qc4+ Kb8 32. Nd3 Rc8 33. Qd4 Ba6 34. b3 Bxd3 35. Qxd3 1-0

[Event "2015 Server Team Ch - Div 1, S51999"]
[Site "CCLA"]
[Date "2015.10.30"]
[Round "?"]
[White "Weiner, Jerry"]
[Black "Batchelor, Paul A."]
[Result "1/2-1/2"]
[WhiteElo "2165"]
[BlackElo "2216"]
[Board "3"]
[WhiteTeam "Gustafson Winners"]
[BlackTeam "BCCA Kings"]

1. e4 e6 2. d4 d5 3. Nc3 Nf6 4. Bg5 Bb4 5. e5 h6 6. exf6 hxg5 7. fxg7 Rg8 
8. h4 gxh4 9. Qg4 Qf6 10. Qxh4 Qxh4 11. Rxh4 Rxg7 12. Rh8+ Kd7 13. Nf3 Nc6
14. O-O-O a6 15. g3 Bxc3 16. bxc3 b5 17. Kd2 Ke7 18. a4 bxa4 19. Ra1 f6 
20. Rxa4 Nd8 21. c4 Nf7 22. Rh5 Nd6 23. c5 Ne4+ 24. Ke3 a5 25. Rh8 Kf7 26.
 Ra3 Rg8 27. Rxg8 Kxg8 28. Bd3 Ng5 29. Nxg5 fxg5 30. c6 a4 31. Bb5 Kf7 32.
 Rxa4 Rxa4 33. Bxa4 Ba6 34. f4 Kf6 35. c3 Bc4 36. Bc2 Bb5 37. Kf3 Bc4 38. 
fxg5+ Kxg5 39. Bh7 Bb3 40. Bg8 Bd1+ 41. Ke3 Kf5 42. Bf7 Bg4 43. Be8 Bd1 
44. Bf7 Bg4 45. Be8 Bd1 46. Bd7 Bh5 47. Bc8 Bd1 48. c4 dxc4 49. d5 Ke5 50.
 Bxe6 Bc2 51. g4 c3 52. Bf7 1/2-1/2

[Event "Premier Quad, S50099"]
[Site "CCLA"]
[Date "2015.03.09"]
[Round "?"]
[White "Hansen, Michael"]
[Black "Catania, Duane"]
[Result "1/2-1/2"]
[WhiteElo "1754"]
[BlackElo "1684"]

1. e4 e6 2. d4 d5 3. Nc3 Nf6 4. Bg5 Bb4 5. e5 h6 6. Be3 Bxc3+ 7. bxc3 Ne4 
8. Ne2 c5 9. f3 Ng5 10. Nf4 Nc6 11. Bb5 Qa5 12. Bxc6+ bxc6 13. Qd2 Ba6 14.
 Nd3 Bxd3 15. cxd3 cxd4 16. cxd4 Qxd2+ 17. Bxd2 Kd7 18. O-O Rab8 19. h4 
Nh7 20. Rfb1 Rb6 21. Ba5 Rb5 22. Rxb5 cxb5 23. a4 a6 1/2-1/2

[Event "Winter Series, S50041"]
[Site "CCLA"]
[Date "2015.01.28"]
[Round "?"]
[White "Strelecky, Rich"]
[Black "Stevenson, Wayne"]
[Result "1-0"]
[WhiteElo "1667"]
[BlackElo "1702"]

1. d4 e6 2. Nc3 d5 3. e4 Nf6 4. Bg5 Bb4 5. e5 h6 6. Bd2 Nfd7 7. Qg4 g6 8. 
Bb5 a6 9. Be2 c5 10. dxc5 Nxc5 11. Nf3 Nc6 12. O-O Bxc3 13. Bxc3 Ne4 14. 
Bd4 Nxd4 15. Nxd4 Qc7 16. Qf4 Qb6 17. Nb3 g5 18. Qe3 Qc7 19. f3 Qxe5 20. 
fxe4 Qxb2 21. exd5 O-O 22. Nd4 exd5 23. Rfb1 Qxa1 24. Rxa1 b6 25. Qb3 Rb8 
26. Nc6 Rb7 27. Bxa6 1-0

[Event "2015 REGULAR QUAD, S50109"]
[Site "CCLA"]
[Date "2015.03.13"]
[Round "?"]
[White "Strelecky, Rich"]
[Black "Calugaru, Paul C."]
[Result "1-0"]
[WhiteElo "1670"]
[BlackElo "1711"]

1. e4 e6 2. d4 d5 3. Nc3 Nf6 4. Bg5 Bb4 5. e5 h6 6. Bd2 Bxc3 7. bxc3 Ne4 
8. Nf3 c5 9. Bd3 Nxd2 10. Qxd2 Qa5 11. O-O Nc6 12. dxc5 Qxc5 13. Rfb1 O-O 
14. Rb5 Qe7 15. Nd4 Nxe5 16. Re1 Nxd3 17. cxd3 Qd6 18. Rb4 a6 19. Nf3 b5 
20. d4 Bd7 21. Ne5 a5 22. Rb2 Rab8 23. Re3 b4 24. cxb4 axb4 25. Nxd7 Qxd7 
26. Rxb4 1-0

[Event "2015 Regular Quad, S50019"]
[Site "CCLA"]
[Date "2015.01.16"]
[Round "?"]
[White "Haase, F. Philip"]
[Black "Catania, Duane"]
[Result "1-0"]
[WhiteElo "1813"]
[BlackElo "1642"]

1. e4 e6 2. d4 d5 3. Nc3 Nf6 4. Bg5 Bb4 5. e5 h6 6. Bd2 Bxc3 7. bxc3 Ne4 
8. Qg4 g6 9. Bd3 Nxd2 10. Kxd2 c5 11. h4 Nc6 12. Nf3 Qa5 13. Qf4 cxd4 14. 
Nxd4 Nxd4 15. Qxd4 O-O 16. h5 g5 17. Rh3 Qb6 18. Rf3 Qxd4 19. cxd4 Bd7 20.
 Rb1 Bc6 21. Rf6 Kg7 22. f4 Rh8 23. Rf1 Raf8 24. Rf3 Be8 25. Rg3 Rfg8 26. 
fxg5 hxg5 27. h6+ Kf8 28. Ke3 Ke7 29. Kf3 a6 30. Kg4 Bb5 31. Bxb5 axb5 32.
 Rb3 Rc8 33. Rxb5 Rc7 34. Kh5 Rh7 35. Kxg5 Rxc2 36. Rxb7+ Ke8 37. g4 Rxa2 
38. Rxe6+ 1-0

[Event "2015 Server Team Ch - Div 2"]
[Site "CCLA"]
[Date "2015.10.30"]
[Round "?"]
[White "Clancey, James"]
[Black "Catania, Duane"]
[Result "1-0"]
[WhiteElo "1858"]
[BlackElo "1720"]
[Board "4"]
[WhiteTeam "Queen & Knights"]
[BlackTeam "Big Red Fuzzy"]

1. e4 e6 2. d4 d5 3. Nc3 Nf6 4. Bg5 Bb4 5. e5 h6 6. Bd2 Bxc3 7. bxc3 Ne4 
8. Qg4 g6 9. Bd3 Nxd2 10. Kxd2 c5 11. h4 Nc6 12. Nf3 a6 13. Qf4 Bd7 14. 
dxc5 Qe7 15. Qf6 O-O-O 16. Qxe7 Nxe7 17. Rab1 Bc6 18. Nd4 Rd7 19. f4 Rc7 
20. h5 gxh5 21. Rxh5 Rg8 22. Rg1 Be8 23. Rxh6 Rxc5 24. g4 Ra5 25. Rh7 Nc6 
26. Nxc6 bxc6 27. g5 c5 28. f5 c4 29. Be2 Rxa2 30. fxe6 fxe6 31. Bg4 Bd7 
32. Rf1 Rxg5 33. Bxe6 Rg2+ 34. Ke3 Rg3+ 35. Kd4 1-0

[Event "Summer Series, S50311"]
[Site "CCLA"]
[Date "2015.07.25"]
[Round "?"]
[White "Hadley, Douglas R."]
[Black "Catania, Duane"]
[Result "1-0"]
[WhiteElo "1660"]
[BlackElo "1642"]

1. e4 e6 2. d4 d5 3. Nc3 Nf6 4. Bg5 Bb4 5. e5 h6 6. Bd2 Bxc3 7. bxc3 Ne4 
8. Qg4 g6 9. Bd3 Nxd2 10. Kxd2 c5 11. Nf3 Nc6 12. Qf4 cxd4 13. cxd4 Bd7 
14. Rhb1 b6 15. a3 Rc8 16. Qf6 Rg8 17. Qxd8+ Kxd8 18. g4 Na5 19. h4 Nc4+ 
20. Bxc4 dxc4 21. c3 Ba4 22. Ne1 Bb3 23. f4 Ke7 24. Nf3 Rgd8 25. Kc1 b5 
26. Nd2 Ba4 27. Ne4 Rc7 28. Rb2 a5 29. Rd2 Bb3 30. Nf6 b4 31. d5 exd5 32. 
axb4 a4 33. Nxd5+ Rxd5 34. Rxd5 h5 35. gxh5 gxh5 36. Rd6 Rc8 37. f5 Rg8 
38. b5 a3 39. f6+ Ke8 40. Rxa3 1-0

[Event "2015 NA Class D Ch - Rd 1 Sect 1, S50111"]
[Site "CCLA"]
[Date "2015.04.27"]
[Round "?"]
[White "Stetson, Micah P."]
[Black "Williams, Rufus H."]
[Result "0-1"]
[WhiteElo "1384"]
[BlackElo "1309"]
[Termination "time forfeit"]

1. d4 Nf6 2. Nc3 e6 3. Bg5 d5 4. e4 Be7 5. e5 Ne4 6. Bxe7 Qxe7 7. Nxe4 
dxe4 8. Qe2 O-O 9. O-O-O Qg5+ 10. Kb1 Nc6 11. Qxe4 a5 12. Nf3 Qe7 13. Bd3 
g6 14. a3 Bd7 15. h4 a4 16. g4 Kg7 17. h5 h6 18. hxg6 Rh8 0-1

[Event "Winter Series, S50021"]
[Site "CCLA"]
[Date "2015.01.28"]
[Round "?"]
[White "Fausey, Verna M."]
[Black "Shannon, Paul D."]
[Result "0-1"]
[WhiteElo "1718"]
[BlackElo "1815"]

1. e4 e6 2. d4 d5 3. Nc3 Nf6 4. Bg5 Be7 5. e5 Nfd7 6. Nf3 Bxg5 7. Nxg5 
Qxg5 8. Qc1 Qxc1+ 9. Rxc1 a6 10. Ne2 c5 11. f4 Nc6 12. c3 cxd4 13. cxd4 
O-O 14. g3 f6 15. Bh3 Nb6 16. O-O Bd7 17. b3 fxe5 18. fxe5 Rxf1+ 19. Rxf1 
Rf8 20. Rxf8+ Kxf8 21. Kf2 Ke7 22. a3 Be8 23. Bg4 Bg6 24. Ke3 Bc2 25. Nf4 
Nd8 26. Kd2 Bxb3 27. Kc3 Bc4 28. h4 Bb5 29. h5 Bd7 30. Be2 Nc6 0-1

[Event "2015 NA Class D Ch - Rd 1 Sect 1, S50111"]
[Site "CCLA"]
[Date "2015.04.27"]
[Round "?"]
[White "Stetson, Micah P."]
[Black "Acebo, Brian"]
[Result "1-0"]
[WhiteElo "1384"]
[BlackElo "1377"]

1. d4 d5 2. Nc3 Nf6 3. Bg5 e6 4. e4 Be7 5. e5 Nfd7 6. h4 h6 7. Bxe7 Qxe7 
8. f4 a6 9. Qg4 Rg8 10. O-O-O Nc6 11. Nf3 b5 12. Bd3 Bb7 13. Bh7 Rf8 14. 
Qxg7 O-O-O 15. Qxh6 Rh8 16. Qg7 f5 17. exf6 Qxf6 18. Qxf6 Nxf6 19. Bd3 
Rdg8 20. Rde1 Kd7 21. Ne5+ Ke7 22. Ng6+ Rxg6 23. Bxg6 Rg8 24. f5 Bc8 25. 
h5 Nxd4 26. fxe6 Bxe6 27. Rh4 Nc6 28. Bf5 Nd8 29. Bxe6 Nxe6 30. g4 Kf7 31.
 Rg1 d4 32. Ne2 c5 33. Rf1 Ng5 34. Rh2 Kg7 35. Rg2 Rf8 36. Rf5 Ngh7 37. 
Rxc5 Ne4 38. Rf5 Rd8 39. Ng3 Nef6 40. Rf4 Ng5 41. Nf5+ Kh7 42. Nxd4 Rd6 
43. c3 Nge4 44. g5 1-0

[Event "Summer Series, S50341"]
[Site "CCLA"]
[Date "2015.07.25"]
[Round "?"]
[White "Stetson, Micah P."]
[Black "Brown, David P."]
[Result "1-0"]
[WhiteElo "1403"]
[BlackElo "1362"]

1. d4 Nf6 2. Nc3 d5 3. Bg5 e6 4. e4 Be7 5. e5 Nfd7 6. h4 f6 7. Bd3 Nf8 8. 
Qh5+ g6 9. Qh6 Rg8 10. exf6 Bxf6 11. Nf3 Nc6 12. Bxf6 Qxf6 13. Qe3 Bd7 14.
 Nxd5 Qd8 15. O-O-O Ne7 16. Nf6+ 1-0

[Event "2015  Server Team - Div 3, S53999"]
[Site "CCLA"]
[Date "2015.10.30"]
[Round "?"]
[White "Gunning, Edward E."]
[Black "Stevenson, Wayne"]
[Result "0-1"]
[WhiteElo "1439"]
[BlackElo "1702"]
[Board "4"]
[WhiteTeam "Knights of the Square Table"]
[BlackTeam "Idaho Mountaineers"]

1. e4 e6 2. d4 d5 3. Nc3 Nf6 4. Bg5 Be7 5. e5 Nfd7 6. h4 O-O 7. Nf3 c5 8. 
Qd2 Nc6 9. Bd3 cxd4 10. Nb5 Ndxe5 11. Nbxd4 Nxf3+ 12. Nxf3 f6 13. Bh6 e5 
14. Bxh7+ Kxh7 15. Ng5+ fxg5 16. hxg5 gxh6 17. g6+ Kxg6 18. Qxh6+ Kf7 19. 
Qh7+ Ke6 20. g4 Kd6 21. Rh6+ Kc7 22. Qg7 Rg8 23. Qf7 Bxg4 24. c4 dxc4 25. 
Rc1 Qd3 26. Qxc4 Bb4+ 0-1

[Event "Summer Series, S50341"]
[Site "CCLA"]
[Date "2015.07.25"]
[Round "?"]
[White "Stetson, Micah P."]
[Black "Cain, Larry F."]
[Result "0-1"]
[WhiteElo "1403"]
[BlackElo "1353"]

1. d4 d5 2. Nc3 Nf6 3. Bg5 e6 4. e4 Be7 5. e5 Nfd7 6. h4 Bxg5 7. hxg5 Qxg5
8. Qd3 a6 9. Rxh7 Rxh7 10. Qxh7 Nc6 11. Nf3 Qh6 12. Qxh6 gxh6 13. a3 Nf8 
14. O-O-O Bd7 15. Nh2 O-O-O 16. Ng4 h5 17. Nf6 h4 18. Ne2 Ne7 19. Nf4 Nc6 
0-1

[Event "Premier Quad, S50269"]
[Site "CCLA"]
[Date "2015.06.15"]
[Round "?"]
[White "Strelecky, Rich"]
[Black "Wright, John"]
[Result "1-0"]
[WhiteElo "1667"]
[BlackElo "1600"]

1. Nc3 d5 2. d4 Nf6 3. Bg5 e6 4. e4 Be7 5. e5 Nfd7 6. Bxe7 Qxe7 7. Nb5 Nb6
8. c3 a6 9. Na3 c5 10. Nc2 cxd4 11. Nxd4 Qg5 12. Ngf3 Qh6 13. Bd3 Nc6 14. 
O-O O-O 15. Nxc6 bxc6 16. Re1 f6 17. a3 fxe5 18. Nxe5 c5 19. Ng4 Qf4 20. 
g3 Qf7 21. Qc2 h6 22. Ne5 Qf6 23. Bh7+ Kh8 24. Ng6+ Kxh7 25. Nxf8+ Kg8 26.
 Ng6 Bb7 27. Qb3 e5 28. Nxe5 Kh8 29. Nd7 Nxd7 30. Qxb7 Rf8 31. Qxd5 Qxf2+ 
32. Kh1 Nf6 33. Qg2 Qf5 34. Rf1 Qc8 35. Rae1 Qd7 36. Rf2 Kh7 37. Rd2 Qc7 
38. Re6 a5 39. Qc6 Qa7 40. c4 Kh8 41. Rf2 1-0

[Event "2015 REGULAR QUAD, S50219"]
[Site "CCLA"]
[Date "2015.05.11"]
[Round "?"]
[White "Klimushyn, Charles"]
[Black "Metz, Edward"]
[Result "0-1"]
[WhiteElo "1156"]
[BlackElo "1397"]

1. e4 e6 2. d4 d5 3. Nc3 Nf6 4. Bg5 Be7 5. e5 Nfd7 6. Bxe7 Qxe7 7. f4 c5 
8. Nb5 O-O 9. Nc7 Nxe5 10. Nxa8 Ned7 11. Nc7 a6 12. Qe2 Nb6 13. dxc5 Nc4 
14. Nxd5 Qxc5 15. Qxc4 Qxd5 16. Qxd5 exd5 17. O-O-O Re8 18. Nf3 Be6 19. 
Ng5 Bg4 20. Rxd5 Re1+ 21. Kd2 Rd1+ 22. Kc3 Rxd5 23. Bd3 h6 24. Re1 Rd8 25.
 Ne4 Nc6 26. h3 Be6 0-1

[Event "2015 REGULAR QUAD, S50149"]
[Site "CCLA"]
[Date "2015.04.10"]
[Round "?"]
[White "Klimushyn, Charles"]
[Black "Stevenson, Wayne"]
[Result "0-1"]
[WhiteElo "1156"]
[BlackElo "1702"]

1. e4 e6 2. d4 d5 3. Nc3 Nf6 4. Bg5 Be7 5. e5 Nfd7 6. Bxe7 Qxe7 7. f4 Nb6 
8. Nf3 Bd7 9. Nb5 Bxb5 10. Bxb5+ c6 11. Bd3 N8d7 12. Qd2 c5 13. c3 O-O-O 
14. O-O f6 15. f5 c4 16. exf6 gxf6 17. fxe6 Qxe6 18. Rae1 Qd6 19. Bf5 Rde8
20. Rxe8+ Rxe8 21. Bxh7 Nf8 22. Bf5+ Kc7 23. b4 Ne6 24. Re1 Ng7 25. Bc2 
Rh8 26. a4 Kb8 27. a5 Nc8 28. Ba4 Qc7 29. g3 Nd6 30. Bc2 Ndf5 31. Ra1 Re8 
32. b5 Nxg3 33. hxg3 Qxg3+ 34. Qg2 Qxg2+ 35. Kxg2 Re2+ 36. Kg3 Rxc2 37. 
Ra3 Nf5+ 38. Kf4 Nd6 39. b6 Ne4 40. bxa7+ Kxa7 0-1

[Event "2015 REGULAR QUAD, S50149"]
[Site "CCLA"]
[Date "2015.04.10"]
[Round "?"]
[White "Haase, F. Philip"]
[Black "Stevenson, Wayne"]
[Result "1-0"]
[WhiteElo "1813"]
[BlackElo "1702"]

1. e4 e6 2. d4 d5 3. Nc3 Nf6 4. Bg5 Be7 5. e5 Nfd7 6. Bxe7 Qxe7 7. f4 Nc6 
8. Nf3 a6 9. Qd2 Nb6 10. Bd3 Bd7 11. O-O f5 12. a4 Nb4 13. Be2 c5 14. a5 
Nc4 15. Bxc4 dxc4 16. Na4 Nd5 17. Nxc5 Bc6 18. c3 O-O 19. b3 Bb5 20. bxc4 
Bxc4 21. Rfb1 Rab8 22. Ra4 Bb5 23. c4 Bxa4 24. cxd5 Bb5 25. d6 Qe8 26. d5 
Rc8 27. Nxe6 Rf7 28. Nc7 Rcxc7 29. dxc7 Rxc7 30. d6 Rc5 31. e6 Bc6 32. d7 
Qd8 33. Rxb7 Rd5 34. Qe1 Bxb7 35. e7 1-0

[Event "Premier Quad, S50229"]
[Site "CCLA"]
[Date "2015.05.15"]
[Round "?"]
[White "Blankenship, Jerry T."]
[Black "Stevens, Daniel L."]
[Result "0-1"]
[WhiteElo "1564"]
[BlackElo "1775"]

1. e4 e6 2. d4 d5 3. Nc3 Bb4 4. a3 Bxc3+ 5. bxc3 dxe4 6. Qg4 Nf6 7. Qxg7 
Rg8 8. Qh6 Nbd7 9. g3 b6 10. Bg2 Bb7 11. Qd2 e3 12. fxe3 Ne4 13. Qe2 Nxc3 
14. Qf1 Ne4 15. Nf3 a5 16. Bb2 b5 17. Ne5 f5 18. Qxb5 Nd6 19. Qb3 Bxg2 20.
 Qxe6+ Qe7 21. Qxg8+ Nf8 22. Rg1 Bf3 23. Rf1 Be4 24. c4 Rb8 25. d5 Rxb2 
26. Nc6 Qf6 0-1

[Event "2015 REGULAR QUAD, S50389"]
[Site "CCLA"]
[Date "2015.09.16"]
[Round "?"]
[White "Gunning, Edward E."]
[Black "Laaman, Thomas"]
[Result "0-1"]
[WhiteElo "1439"]
[BlackElo "1648"]

1. e4 e6 2. d4 d5 3. Nc3 Bb4 4. e5 Bxc3+ 5. bxc3 c5 6. Nf3 Ne7 7. Bg5 c4 
8. Be2 O-O 9. O-O Nbc6 10. a4 h6 11. Bh4 Qa5 12. Qd2 Nf5 13. Ra3 Nce7 14. 
g4 Nxh4 15. Nxh4 Ng6 16. Ng2 Bd7 17. g5 hxg5 18. Qxg5 Bxa4 19. f4 b5 20. 
Rfa1 Qd8 21. Qh5 Bxc2 22. Rf1 Be4 23. Bg4 a5 24. f5 exf5 25. Bxf5 Bxg2 26.
 Rf4 Be4 27. Ra2 Bxf5 28. Rxf5 Qh4 29. Raf2 Qxh5 30. Rxh5 b4 31. h4 b3 32.
 Rg2 Nf4 33. Rxg7+ Kxg7 34. Rg5+ Kh6 35. Kh2 Rg8 36. Rf5 Rg2+ 37. Kh1 Rf2 
38. Rxf7 b2 39. Rb7 Rf1+ 0-1

[Event "Summer Series, S50291"]
[Site "CCLA"]
[Date "2015.07.25"]
[Round "?"]
[White "Bapple, Edward C."]
[Black "Smail, John"]
[Result "1-0"]
[WhiteElo "1908"]
[BlackElo "1720"]

1. e4 e6 2. d4 d5 3. Nc3 Bb4 4. e5 Qd7 5. Qg4 f5 6. Qh5+ g6 7. Qf3 b6 8. 
h4 h6 9. Qg3 Kf7 10. a3 Bf8 11. Nh3 Ba6 12. Nf4 Ne7 13. Ncxd5 Nxd5 14. 
Qxg6+ Ke7 15. Nxd5+ Qxd5 16. Qf6+ Kd7 17. Qxh8 Bxf1 18. Qxf8 Bxg2 19. Rg1 
Kc6 20. Be3 Bf3 21. c4 Qe4 22. Qe8+ Kb7 23. Rg8 1-0

[Event "Summer Series, S50291"]
[Site "CCLA"]
[Date "2015.07.25"]
[Round "?"]
[White "Abbey, William"]
[Black "Smail, John"]
[Result "1-0"]
[WhiteElo "1957"]
[BlackElo "1720"]

1. e4 e6 2. d4 d5 3. Nc3 Bb4 4. e5 Qd7 5. a3 Bxc3+ 6. bxc3 b6 7. Qg4 f5 8.
 Qg3 Ba6 9. Bxa6 Nxa6 10. a4 Nb8 11. Ne2 Nc6 12. Nf4 O-O-O 13. Ba3 Na5 14.
 Bb4 Nc4 15. a5 b5 16. a6 g6 17. Bc5 Kb8 18. Qh4 g5 19. Qxg5 h6 20. Qh4 
Rh7 21. Nxe6 1-0

[Event "Premier Quad, S50399"]
[Site "CCLA"]
[Date "2015.10.03"]
[Round "?"]
[White "Ramsden, Jim E."]
[Black "Shannon, Paul D."]
[Result "0-1"]
[WhiteElo "1789"]
[BlackElo "1865"]

1. e4 e6 2. d4 d5 3. Nc3 Bb4 4. e5 b6 5. a3 Bxc3+ 6. bxc3 Ne7 7. Qg4 Nf5 
8. Bd3 h5 9. Qe2 Ne7 10. Bg5 c5 11. f4 c4 12. Bxc4 dxc4 13. Qxc4 Ba6 14. 
Qb3 Qd5 15. Qxd5 Nxd5 16. Ne2 Nc6 17. Rf1 Ne3 18. Kd2 Nxf1+ 0-1

[Event "2015  Server Team - Div 3, S53999"]
[Site "CCLA"]
[Date "2015.10.30"]
[Round "?"]
[White "Tymms, J. D. M."]
[Black "Vecchio, Ralph"]
[Result "1-0"]
[WhiteElo "1807"]
[BlackElo "1845"]
[Board "2"]
[WhiteTeam "BCCA Bishops"]
[BlackTeam "Idaho Mountaineers"]

1. e4 e6 2. d4 d5 3. Nc3 Bb4 4. e5 Ne7 5. a3 Bxc3+ 6. bxc3 b6 7. Qg4 Ng6 
8. h4 h5 9. Qg3 Nd7 10. Bg5 Ne7 11. Bxe7 Qxe7 12. Qxg7 Qf8 13. Qg5 c6 14. 
Bd3 Bb7 15. Ne2 Rg8 16. Qxh5 O-O-O 17. Nf4 Rh8 18. Qe2 b5 19. a4 a6 20. 
axb5 cxb5 21. g3 Nb8 22. O-O Qe7 23. Nh5 Qc7 24. Qf3 Rdf8 25. Ra3 Qe7 26. 
Rfa1 Rh6 27. Nf6 Kd8 28. c4 bxc4 29. Bh7 Nc6 30. Qf4 Rxh7 31. Nxh7 Rg8 32.
 Rf3 f5 33. exf6 Qxh7 34. Qd6+ Qd7 35. f7 Qxd6 36. fxg8=Q+ 1-0

[Event "Premier Quad, S50439"]
[Site "CCLA"]
[Date "2015.11.11"]
[Round "?"]
[White "Vecchio, Ralph"]
[Black "Stevens, Daniel L."]
[Result "0-1"]
[WhiteElo "1845"]
[BlackElo "1779"]

1. e4 e6 2. d4 d5 3. Nc3 Bb4 4. e5 c5 5. Qg4 Ne7 6. Nf3 Nbc6 7. Bb5 Bd7 8.
 O-O Nxd4 9. Bxd7+ Qxd7 10. Nxd4 cxd4 11. Qxd4 Ba5 12. b4 Nc6 13. Qg4 Bxb4
14. Qxg7 O-O-O 15. Nb5 Rhg8 16. Qh6 Rg6 17. Qf4 Bc5 18. Be3 d4 19. Rfd1 
dxe3 20. Rxd7 exf2+ 21. Kf1 Rxd7 22. Nd6+ Bxd6 23. exd6 e5 24. Qh4 Rdxd6 
25. Qxh7 Rgf6 26. Rb1 Nd8 27. Qh3+ Rfe6 28. Kxf2 Rd2+ 29. Ke1 Rxc2 30. Rd1
Nc6 31. Qh8+ Kc7 32. Qh7 Rxg2 33. Kf1 Rb2 34. Qxf7+ Re7 35. Qd5 Rxh2 36. 
Qd6+ Kc8 37. Qd5 Rh4 38. Rc1 Rh6 39. Qg8+ Kc7 40. Ke2 Reh7 41. Rg1 Kb6 42.
 Qb3+ Kc7 43. Qd5 Rh4 44. Rf1 Nd4+ 45. Kd3 Rh3+ 46. Kc4 b5+ 47. Kc5 Rc3+ 
48. Kb4 Rc4+ 0-1

[Event "2015 REGULAR QUAD, S50419"]
[Site "CCLA"]
[Date "2015.10.24"]
[Round "?"]
[White "Bearce, Harold L."]
[Black "Fullen, Peter J."]
[Result "0-1"]
[WhiteElo "1111"]
[BlackElo "1359"]

1. e4 e6 2. d4 d5 3. Nc3 Bb4 4. e5 c5 5. a3 Ba5 6. Ne2 cxd4 7. Qxd4 Ne7 8.
 Bd2 Nbc6 9. Qa4 O-O 10. b4 Bb6 11. Nf4 Nxe5 12. Nce2 Ng4 13. f3 Bf2+ 14. 
Kd1 Ne3+ 15. Bxe3 Bxe3 16. Qb3 d4 17. g3 e5 18. Nd3 Be6 19. Qb2 b6 20. Ne1
Nd5 21. Nc1 Nc3+ 0-1

[Event "Premier Quad, S50399"]
[Site "CCLA"]
[Date "2015.10.03"]
[Round "?"]
[White "Ramsden, Jim E."]
[Black "Beavan, Robert"]
[Result "1/2-1/2"]
[WhiteElo "1789"]
[BlackElo "1971"]

1. e4 e6 2. d4 d5 3. Nc3 Bb4 4. e5 c5 5. a3 Bxc3+ 6. bxc3 Qa5 7. Bd2 Qa4 
8. Qg4 g6 9. Nf3 Nc6 10. Qf4 Qxc2 11. dxc5 Qe4+ 12. Qxe4 dxe4 13. Ng5 f5 
14. exf6 Nxf6 15. Bc4 Ne5 16. Bxe6 Nd3+ 17. Ke2 Bxe6 18. Nxe6 Ke7 19. Nf4 
Nxc5 20. Be3 Rhc8 21. Rab1 b6 22. Bxc5+ Rxc5 23. h4 Rxc3 24. Rh3 Rac8 25. 
Kd2 Rxh3 26. Nxh3 Kd6 27. Ng5 Rc7 28. Rb4 Ke5 29. Rb5+ Rc5 30. f4+ exf3 
31. Nxf3+ Kd6 32. Nd4 Rc7 33. Kd3 Nd7 34. Rg5 Nc5+ 35. Ke3 Re7+ 36. Kf3 a6
37. h5 Re5 38. Rxe5 Kxe5 39. hxg6 hxg6 1/2-1/2

[Event "Summer Series, S50301"]
[Site "CCLA"]
[Date "2015.07.25"]
[Round "?"]
[White "Evans, Stanley W."]
[Black "Stevens, Daniel L."]
[Result "1-0"]
[WhiteElo "1834"]
[BlackElo "1779"]

1. e4 e6 2. d4 d5 3. Nc3 Bb4 4. e5 c5 5. a3 Bxc3+ 6. bxc3 Qc7 7. Qg4 f5 8.
 Qg3 Nc6 9. Nf3 cxd4 10. Bb5 Ne7 11. Qxg7 Rg8 12. Qxh7 Bd7 13. Bxc6 Qxc6 
14. O-O Kd8 15. cxd4 Qc7 16. Bg5 Re8 17. Nh4 Bb5 18. Rfb1 1-0

[Event "2015 Server Team Ch - Div 2"]
[Site "CCLA"]
[Date "2015.10.30"]
[Round "?"]
[White "Gredescul, Andrea"]
[Black "Avery, Bryce"]
[Result "1-0"]
[WhiteElo "2070"]
[BlackElo "1751"]
[Board "3"]
[WhiteTeam "Queen & Knights"]
[BlackTeam "Big Red Fuzzy"]

1. e4 e6 2. d4 d5 3. Nc3 Bb4 4. e5 c5 5. a3 Bxc3+ 6. bxc3 Ne7 7. Qg4 O-O 
8. Bd3 Qa5 9. Bd2 Nbc6 10. Nf3 f5 11. exf6 Rxf6 12. Qh5 Nf5 13. dxc5 Qxc5 
14. O-O g6 15. Qg5 Rf8 16. c4 dxc4 17. Be4 c3 18. Bxc6 Qxc6 19. Bf4 e5 20.
 Bxe5 Be6 21. Nd4 Nxd4 22. Bxd4 Rac8 23. Qe5 Rc7 24. Qh8+ Kf7 25. Qxh7+ 
Ke8 26. Qxg6+ Kd8 27. Rad1 Rg8 28. Bf6+ 1-0

[Event "2015 Server Team Ch - Div 2"]
[Site "CCLA"]
[Date "2015.10.30"]
[Round "?"]
[White "Huff, David C."]
[Black "Disque, Philip"]
[Result "1-0"]
[WhiteElo "1857"]
[BlackElo "1668"]
[Board "5"]
[WhiteTeam "SchemingMind C"]
[BlackTeam "Big Red Fuzzy"]

1. e4 e6 2. d4 d5 3. Nc3 Bb4 4. e5 c5 5. a3 Bxc3+ 6. bxc3 Ne7 7. Qg4 cxd4 
8. Qxg7 Rg8 9. Qxh7 Qc7 10. Ne2 Nbc6 11. f4 Bd7 12. Qd3 dxc3 13. Qxc3 Nf5 
14. Rb1 d4 15. Qd3 O-O-O 16. Rg1 Na5 17. g4 Ba4 18. gxf5 Rxg1 19. Nxg1 
Bxc2 20. Qb5 Rd5 21. Qb4 Bxb1 22. Qxb1 Nb3 23. fxe6 fxe6 24. Bh3 Qc3+ 25. 
Kd1 Kd7 26. Qh7+ Kc6 27. Qc2 Rc5 28. Qxc3 dxc3 29. Kc2 Na1+ 30. Kd3 Kd7 
31. Ne2 Nb3 32. Be3 Rc8 33. Nxc3 Rh8 34. Bg4 Rxh2 35. f5 exf5 36. Bxf5+ 
Ke8 37. e6 Rg2 38. Bxa7 Rg3+ 39. Be3 Nc5+ 40. Ke2 Nxe6 41. Bxe6 Rg6 42. 
Bd5 b6 43. Na4 b5 44. Nc3 b4 45. axb4 Rg4 46. b5 Kd8 47. Ne4 Kc7 48. b6+ 
Kb8 49. Bd4 1-0

[Event "2015  Server Team - Div 3, S53999"]
[Site "CCLA"]
[Date "2015.10.30"]
[Round "?"]
[White "Weiss, Lester P."]
[Black "Douglass, Paul"]
[Result "1-0"]
[WhiteElo "2103"]
[BlackElo "1821"]
[Board "1"]
[WhiteTeam "Canadian Snowbirds"]
[BlackTeam "BCCA Bishops"]

1. e4 e6 2. d4 d5 3. Nc3 Bb4 4. e5 c5 5. a3 Bxc3+ 6. bxc3 Qc7 7. Nf3 Ne7 
8. a4 b6 9. Bb5+ Bd7 10. Bd3 Nbc6 11. O-O h6 12. Re1 O-O 13. Ba3 Na5 14. 
dxc5 bxc5 15. Nd2 Bxa4 16. Qg4 Bd7 17. Nf3 Rab8 18. Bc1 Kh8 19. Qh4 Ng8 
20. g4 c4 21. g5 Qd8 22. Qh3 cxd3 23. gxh6 g6 24. h7 f6 25. hxg8=Q+ Kxg8 
26. Kh1 Be8 27. Qxe6+ Bf7 28. Qh3 Nc6 29. e6 1-0